[Event "Elit(Rockaden,Umea-Wasa)"]
[Site "?"]
[Date "2009.10.17"]
[Round "2"]
[White "Wickstrom, Lucas"]
[Black "Wedberg, Tom"]
[Result "0-1"]
[WhiteElo "2284"]
[BlackElo "2550"]
[PlyCount "62"]

1. d4 Nf6 2. c4 e6 3. Nf3 c5 4. d5 d6 5. Nc3 exd5 6. cxd5 g6 7. Bg5 h6 8. Bh4
a6 9. e4 Bg7 10. Nd2 b5 11. Be2 O-O 12. Qc2 Re8 13. a4 b4 14. Nd1 Ra7 15. Ne3
Rae7 16. f3 g5 17. Bf2 Nh5 18. h4 Nf4 19. hxg5 hxg5 20. g4 b3 21. Nxb3 Rb7 22.
Nc4 Qf6 23. e5 Rxe5 24. Nxe5 Qxe5 25. Nd4 Rxb2 26. Qh7+ Kf8 27. O-O Qxd5 28.
Rac1 Nxe2+ 29. Nxe2 Rxe2 30. Bg3 Nc6 31. Rce1 Nd4 0-1

[Event "Elit(Rockaden,Umea-Wasa)"]
[Site "?"]
[Date "2009.10.17"]
[Round "2"]
[White "Lejlic, Samir"]
[Black "Eriksson, Jorgen"]
[Result "0-1"]
[WhiteElo "2341"]
[BlackElo "2314"]
[PlyCount "112"]

1. e4 d6 2. d4 Nf6 3. Nc3 e5 4. dxe5 dxe5 5. Qxd8+ Kxd8 6. Bg5 Be6 7. O-O-O+
Nbd7 8. Nf3 Kc8 9. Bh4 Bb4 10. Nd5 Nxd5 11. exd5 Bg4 12. Be2 f6 13. h3 Bh5 14.
g4 Bf7 15. Kb1 a5 16. Rhg1 Bd6 17. Bg3 Nb6 18. c4 Nd7 19. Nh4 g6 20. Nf3 b6 21.
Nd2 Nc5 22. f3 f5 23. Kc1 Kb7 24. Nb1 Be8 25. gxf5 gxf5 26. Bf2 Bg6 27. Nc3
Rhf8 28. Nb5 Rae8 29. h4 f4 30. Rg5 Rf7 31. h5 Bf5 32. Rdg1 Ref8 33. Rg7 e4 34.
Nxd6+ cxd6 35. Bxc5 bxc5 36. R1g5 exf3 37. Rxf5 Rxg7 38. Rxf8 fxe2 39. Kd2 Re7
40. Ke1 Re4 41. b3 h6 42. Rf6 Kc7 43. a4 Kd7 44. Rf7+ Kd8 45. Rf8+ Ke7 46. Rf5
Re5 47. Rxf4 Rxh5 48. Kxe2 Re5+ 49. Kf2 h5 50. Rf3 Rg5 51. Re3+ Re5 52. Rxe5+
dxe5 53. Kf3 Kf6 54. Kg3 Kf5 55. Kh4 e4 56. Kg3 Ke5 0-1

[Event "Elit(Rockaden,Umea-Wasa)"]
[Site "?"]
[Date "2009.10.17"]
[Round "2"]
[White "Malmstig, Erik"]
[Black "Astrom, Goran"]
[Result "1-0"]
[WhiteElo "2296"]
[BlackElo "2289"]
[PlyCount "89"]

1. e4 c5 2. f4 d5 3. e5 Nc6 4. Nf3 Bg4 5. h3 Bxf3 6. Qxf3 e6 7. d3 h5 8. c3 h4
9. Be3 Nh6 10. Bf2 Nf5 11. Nd2 Qd7 12. Qd1 Be7 13. Be2 g6 14. a3 Kf8 15. Bg4
Kg7 16. Nf3 b5 17. O-O d4 18. Qe2 Nh6 19. Nxh4 Nxg4 20. Qxg4 dxc3 21. bxc3 Qxd3
22. Rad1 Qc4 23. Rd7 Rad8 24. Rfd1 Rxd7 25. Rxd7 Nxe5 26. fxe5 Qxg4 27. hxg4
Bxh4 28. Bxc5 Bg3 29. Bd4 Rh4 30. Kf1 Rxg4 31. Ke2 Rg5 32. Rxa7 Bxe5 33. Bxe5+
Rxe5+ 34. Kd3 Rd5+ 35. Kc2 Rg5 36. Ra5 Rxg2+ 37. Kb3 Rg5 38. Kb4 Kf6 39. c4
bxc4 40. Rxg5 Kxg5 41. a4 f5 42. a5 f4 43. Kxc4 Kg4 44. a6 f3 45. Kd3 1-0

[Event "Elit(Rockaden,Umea-Wasa)"]
[Site "?"]
[Date "2009.10.17"]
[Round "2"]
[White "Berkell, Peder"]
[Black "Hammar, Ulf"]
[Result "1/2-1/2"]
[WhiteElo "2175"]
[BlackElo "2255"]
[PlyCount "48"]

1. f4 d5 2. Nf3 Bg4 3. e3 c6 4. h3 Bxf3 5. Qxf3 Nd7 6. d4 e6 7. Bd3 f5 8. c4
Ngf6 9. cxd5 cxd5 10. O-O Ne4 11. Bxe4 dxe4 12. Qh5+ g6 13. Qd1 Nf6 14. Nc3 Nd5
15. Qb3 Qb6 16. Nxd5 Qxb3 17. axb3 exd5 18. Ra5 a6 19. Bd2 Rc8 20. Rxd5 Rc2 21.
Bc3 Be7 22. Rf2 Rc1+ 23. Rf1 Rc2 24. Rf2 Rc1+ 1/2-1/2

[Event "Elit(Rockaden,Umea-Wasa)"]
[Site "?"]
[Date "2009.10.17"]
[Round "2"]
[White "Lindgren, Fredrik"]
[Black "Soderberg, Per"]
[Result "1-0"]
[WhiteElo "2253"]
[BlackElo "2225"]
[PlyCount "55"]

1. f4 c5 2. Nf3 Nc6 3. e4 g6 4. d3 Bg7 5. Be2 d6 6. O-O Nf6 7. c3 O-O 8. a4 c4
9. Na3 cxd3 10. Bxd3 Bd7 11. Kh1 Rc8 12. Be3 Qc7 13. Qe1 Qb8 14. Qh4 Ng4 15.
Bg1 f5 16. Ng5 Nh6 17. exf5 Bxf5 18. Bc4+ Kh8 19. Ne6 Rf6 20. Nxg7 Kxg7 21.
Rae1 e6 22. Bb5 Nf7 23. g4 g5 24. fxg5 Nxg5 25. gxf5 h6 26. fxe6 Rxf1 27. Rxf1
Rf8 28. Qg3 1-0

[Event "Elit(Rockaden,Umea-Wasa)"]
[Site "?"]
[Date "2009.10.17"]
[Round "2"]
[White "Nordstrom, Felix"]
[Black "Mardell, Jimmy"]
[Result "1-0"]
[WhiteElo "2161"]
[BlackElo "2228"]
[PlyCount "57"]

1. e4 e6 2. d4 d5 3. Nc3 Nf6 4. Bg5 Be7 5. e5 Nfd7 6. Bxe7 Qxe7 7. Nb5 Na6 8.
c3 O-O 9. f4 c5 10. Nf3 f6 11. Be2 Nb6 12. Nd6 Bd7 13. O-O Be8 14. Bxa6 bxa6
15. dxc5 fxe5 16. fxe5 Nd7 17. Qd4 Bh5 18. Kh1 g5 19. Nd2 Qg7 20. Rae1 Bg6 21.
c4 Rxf1+ 22. Nxf1 dxc4 23. Qxc4 Qe7 24. Qxa6 Rb8 25. Qxa7 Rxb2 26. c6 Qf8 27.
cxd7 Bd3 28. Qe3 Bxf1 29. Qxg5+ 1-0

[Event "Elit(Rockaden,Umea-Wasa)"]
[Site "?"]
[Date "2009.10.17"]
[Round "2"]
[White "Nygren, David"]
[Black "Collett, Peter"]
[Result "1-0"]
[WhiteElo "2210"]
[BlackElo "2192"]
[PlyCount "101"]

1. e4 e5 2. Nf3 Nc6 3. Bb5 a6 4. Ba4 Nf6 5. O-O Be7 6. Re1 b5 7. Bb3 d6 8. c3
O-O 9. h3 Na5 10. Bc2 c5 11. d3 Re8 12. Nbd2 Bf8 13. Nf1 Nc6 14. Bg5 h6 15. Bh4
g5 16. Bg3 Bg7 17. Ne3 Nh7 18. Nh2 Be6 19. Bb3 Rb8 20. Qh5 Nf6 21. Qf3 Qd7 22.
h4 Ne7 23. Red1 Nc6 24. Bc2 Rbd8 25. hxg5 hxg5 26. Qe2 Nh7 27. Qh5 Qe7 28. Bb3
Qf6 29. Nd5 Bxd5 30. Bxd5 Ne7 31. Ng4 Qg6 32. Qxg6 Nxg6 33. Bb7 Rb8 34. Bc6
Red8 35. Ne3 Ne7 36. Bd5 Nf6 37. Bb3 g4 38. Bh4 Ng6 39. Bxf6 Bxf6 40. Nxg4 Bg7
41. g3 b4 42. Kg2 bxc3 43. bxc3 Ne7 44. Rh1 d5 45. Rh5 dxe4 46. dxe4 Ng6 47.
Rf5 Rb7 48. Bd5 Re7 49. Rb1 Rd6 50. Rb8+ Nf8 51. Rc8 1-0

[Event "Elit(LASK-Upsala)"]
[Site "?"]
[Date "2009.10.17"]
[Round "2"]
[White "Glimbrant, Torbjorn"]
[Black "Smith, Axel"]
[Result "1/2-1/2"]
[WhiteElo "2344"]
[BlackElo "2506"]
[PlyCount "54"]

1. d4 Nf6 2. c4 g6 3. Nc3 d5 4. cxd5 Nxd5 5. e4 Nxc3 6. bxc3 Bg7 7. Bc4 c5 8.
Ne2 O-O 9. O-O Nc6 10. Be3 Na5 11. Bd3 b6 12. Qd2 e5 13. dxc5 Be6 14. Rfd1 Qc7
15. Rab1 Nc4 16. Bxc4 Bxc4 17. cxb6 axb6 18. Bxb6 Qc6 19. Ng3 Bxa2 20. Rb2 Be6
21. Be3 Rfc8 22. Bh6 Qxc3 23. Qxc3 Rxc3 24. Bxg7 Kxg7 25. f3 Rca3 26. Kf2 R8a7
27. Nf1 Ra2 1/2-1/2

[Event "Elit(LASK-Upsala)"]
[Site "?"]
[Date "2009.10.17"]
[Round "2"]
[White "Semcesen, Daniel"]
[Black "Johansson, Jan"]
[Result "1/2-1/2"]
[WhiteElo "2585"]
[BlackElo "2436"]
[PlyCount "57"]

1. Nf3 Nf6 2. c4 e6 3. Nc3 Bb4 4. Qc2 c5 5. a3 Bxc3 6. Qxc3 O-O 7. b4 b6 8. Bb2
d6 9. e3 Nbd7 10. Be2 e5 11. O-O Re8 12. Rae1 Bb7 13. d4 e4 14. Nd2 Rc8 15. Qb3
Rc7 16. Bc3 Qa8 17. Rb1 cxd4 18. Bxd4 Ne5 19. Rfd1 Nfd7 20. Nf1 Qc8 21. Ng3 g6
22. Bb2 Nxc4 23. Bxc4 Rxc4 24. Rxd6 Ne5 25. Bxe5 Rxe5 26. Rbd1 Rc1 27. Qb2
Rxd1+ 28. Rxd1 Re7 29. h4 1/2-1/2

[Event "Elit(LASK-Upsala)"]
[Site "?"]
[Date "2009.10.17"]
[Round "2"]
[White "Burwick, Malte"]
[Black "Grandelius, Nils"]
[Result "1/2-1/2"]
[WhiteElo "2280"]
[BlackElo "2633"]
[PlyCount "69"]
[EventDate "2009.??.??"]

1. Nf3 Nf6 2. g3 g6 3. Bg2 Bg7 4. O-O O-O 5. d3 d5 6. Nbd2 c5 7. e4 Nc6 8. c3
e5 9. Ne1 Be6 10. f4 Qd7 11. Qf3 dxe4 12. dxe4 Rad8 13. f5 gxf5 14. exf5 Bd5
15. Qe3 Bxg2 16. Nxg2 Qd5 17. Qg5 Kh8 18. Qh4 Rg8 19. Nf3 e4 20. Ng5 Ne5 21.
Bf4 Nf3+ 22. Rxf3 exf3 23. Ne3 f2+ 24. Kxf2 Ne4+ 25. Kg1 Nxg5 26. Bxg5 Qd3 27.
Rd1 Qe2 28. Rxd8 Rxd8 29. Bxd8 Qxe3+ 30. Kg2 Qe2+ 31. Kh3 Qf1+ 32. Kg4 Qe2+ 33.
Kh3 Qf1+ 34. Kg4 Qe2+ 35. Kh3 1/2-1/2

[Event "Elit(LASK-Upsala)"]
[Site "?"]
[Date "2009.10.17"]
[Round "2"]
[White "Bejtovic, Jasmin"]
[Black "Lundvik, Jonas"]
[Result "1-0"]
[WhiteElo "2380"]
[BlackElo "2351"]
[PlyCount "37"]
[SourceDate "2009.10.20"]

1. e4 e5 2. Nf3 Nc6 3. d4 exd4 4. Nxd4 Bc5 5. Nxc6 Qf6 6. Qd2 dxc6 7. Nc3 Bd4
8. Bd3 Ne7 9. O-O Ng6 10. Ne2 Bxb2 11. Bxb2 Qxb2 12. f4 Qf6 13. e5 Qe7 14. Ng3
Bg4 15. Qe3 Rd8 16. Rae1 Bc8 17. f5 Nf8 18. Nh5 Rd5 19. Bc4 1-0

[Event "Elit(LASK-Upsala)"]
[Site "?"]
[Date "2009.10.17"]
[Round "2"]
[White "Lindberg, Henrik"]
[Black "Tikkanen, Hans"]
[Result "1/2-1/2"]
[WhiteElo "2280"]
[BlackElo "2494"]
[PlyCount "63"]

1. e4 e5 2. Nf3 Nc6 3. d4 exd4 4. Nxd4 Nf6 5. Nc3 Bb4 6. Nxc6 bxc6 7. Bd3 d5 8.
exd5 Qe7+ 9. Qe2 cxd5 10. Qxe7+ Kxe7 11. O-O c6 12. Be3 Re8 13. Na4 Kf8 14. c3
Bd6 15. Rfe1 Ng4 16. Bc5 Bxc5 17. Nxc5 Ne5 18. a3 Nxd3 19. Nxd3 Re7 20. Nc5 a5
21. a4 Rb8 22. b3 Be6 23. Rad1 Ree8 24. f4 g6 25. Kf2 Ke7 26. Ke3 Kd6 27. Kd4
Bg4 28. Rc1 Be2 29. Rc2 Bg4 30. Rcc1 Be2 31. Rc2 Bg4 32. Rcc1 1/2-1/2

[Event "Elit(LASK-Upsala)"]
[Site "?"]
[Date "2009.10.17"]
[Round "2"]
[White "Nilsson, Sebastian"]
[Black "Andersson, Fredrik"]
[Result "1/2-1/2"]
[WhiteElo "2357"]
[BlackElo "2336"]
[PlyCount "31"]

1. e4 e5 2. Nf3 Nc6 3. Bb5 a6 4. Bxc6 dxc6 5. O-O Be7 6. Re1 f6 7. d4 exd4 8.
Qxd4 Qxd4 9. Nxd4 Bd7 10. Nd2 O-O-O 11. a4 Nh6 12. Nc4 Ng4 13. h3 Bc5 14. hxg4
Bxd4 15. c3 Bc5 16. Be3 1/2-1/2

[Event "Elit(LASK-Upsala)"]
[Site "?"]
[Date "2009.10.17"]
[Round "2"]
[White "Marttala, Thomas"]
[Black "Lund, Silas"]
[Result "1-0"]
[WhiteElo "2265"]
[BlackElo "2450"]
[PlyCount "63"]

1. e4 e5 2. Bc4 Nf6 3. d3 Nc6 4. Nf3 Be7 5. Nc3 d6 6. a3 O-O 7. h3 Be6 8. Nd5
Qd7 9. O-O Rae8 10. Ng5 Bxd5 11. exd5 Nd8 12. Ne4 Kh8 13. Nxf6 Bxf6 14. c3 g6
15. Be3 a6 16. a4 Bg7 17. a5 f5 18. f4 Nf7 19. Qa4 Qc8 20. Rae1 exf4 21. Bxf4
Be5 22. Bb3 Kg7 23. Bd2 h5 24. Qh4 Bf6 25. Qf2 Rxe1 26. Rxe1 Re8 27. Re6 Bg5
28. Qe2 Kf8 29. Ba4 Re7 30. Bxg5 Rxe6 31. dxe6 Nxg5 32. e7+ 1-0

[Event "Elit(LASK-Upsala)"]
[Site "?"]
[Date "2009.10.17"]
[Round "2"]
[White "Dragicevic, Drazen"]
[Black "Cederberg, Karl Olof"]
[Result "1-0"]
[WhiteElo "2338"]
[BlackElo "2203"]
[PlyCount "55"]

1. Nf3 d6 2. e4 Nf6 3. Nc3 e5 4. d4 Nbd7 5. Bc4 Be7 6. O-O O-O 7. a4 c6 8. Qe2
exd4 9. Nxd4 Ne5 10. Bb3 c5 11. Nf5 Bxf5 12. exf5 Qd7 13. Nd5 Nxd5 14. Bxd5
Rfe8 15. Qh5 Bf6 16. Ra3 g6 17. fxg6 hxg6 18. Rg3 Bg7 19. Qh4 Qf5 20. f4 Nc6
21. Rg5 Qxc2 22. f5 Qd3 23. Rxg6 Qxd5 24. Rxg7+ Kf8 25. Rg4 Re2 26. Qh8+ Ke7
27. Qxa8 Ne5 28. Rg8 1-0

[Event "Elit(Kamraterna-Rockaden,Sthlm)"]
[Site "?"]
[Date "2009.10.17"]
[Round "2"]
[White "Blomqvist, Erik"]
[Black "Svensson, Bengt"]
[Result "1-0"]
[WhiteElo "2477"]
[BlackElo "2483"]
[PlyCount "91"]
[EventDate "2009.??.??"]
[SourceDate "2009.10.21"]

1. d4 d5 2. c4 c6 3. Nf3 Nf6 4. Nc3 dxc4 5. a4 Bf5 6. Ne5 e6 7. f3 Bb4 8. e4
Bxe4 9. fxe4 Nxe4 10. Bd2 Qxd4 11. Nxe4 Qxe4+ 12. Qe2 Bxd2+ 13. Kxd2 Qd5+ 14.
Kc2 Na6 15. Nxc4 O-O 16. Qe5 Rab8 17. a5 f6 18. Qxd5 cxd5 19. Ne3 Rfc8+ 20. Kb1
Nc5 21. Ra3 Rc7 22. Be2 Ne4 23. Rd1 Rbc8 24. g4 Kf7 25. Rb3 g6 26. Bf3 Nd6 27.
Be2 Rc5 28. a6 b6 29. Rb4 R8c7 30. Rf4 Kg7 31. Rf3 Ne4 32. Bd3 Ng5 33. Rff1 Nf7
34. Nc2 Nd6 35. Nd4 Re7 36. b4 Rc8 37. Rc1 e5 38. Rxc8 Nxc8 39. Nb5 e4 40. Bc2
Rd7 41. Nd4 Nd6 42. Bb3 Ne8 43. Rc1 Kh6 44. h4 Ng7 45. Rc6 Ne8 46. Re6 1-0

[Event "Elit(Kamraterna-Rockaden,Sthlm)"]
[Site "?"]
[Date "2009.10.17"]
[Round "2"]
[White "Hamark, Jesper"]
[Black "Hermansson, Emil"]
[Result "0-1"]
[WhiteElo "2386"]
[BlackElo "2453"]
[PlyCount "82"]
[EventDate "2009.??.??"]

1. g3 Nf6 2. Bg2 d5 3. f4 c5 4. Nf3 Nc6 5. O-O g6 6. d3 Bg7 7. c3 O-O 8. Na3 d4
9. Bd2 Nd5 10. Qe1 e6 11. Kh1 b6 12. cxd4 cxd4 13. Nc2 Bb7 14. Qf2 Nde7 15. Ne5
Rb8 16. Nxc6 Bxc6 17. Bb4 Bxg2+ 18. Qxg2 Rc8 19. Rac1 Re8 20. Bxe7 Rxe7 21. Na3
Rec7 22. Rxc7 Qxc7 23. Qe4 Qc5 24. Kg2 a6 25. g4 b5 26. f5 Qd5 27. Qxd5 exd5
28. f6 Bh6 29. Kf3 Rc6 30. h4 b4 31. Nb1 Rxf6+ 32. Kg2 Rxf1 33. Kxf1 Bc1 34.
Kf2 Kg7 35. Kf3 Kf6 36. Kg3 Ke5 37. Kf3 h5 38. b3 Bf4 39. a3 a5 40. axb4 axb4
41. gxh5 gxh5 0-1

[Event "Elit(Kamraterna-Rockaden,Sthlm)"]
[Site "?"]
[Date "2009.10.17"]
[Round "2"]
[White "Barkhagen, Jonas"]
[Black "Aberg, Anton"]
[Result "0-1"]
[WhiteElo "2529"]
[BlackElo "2403"]
[PlyCount "74"]
[SourceDate "2009.10.21"]

1. c4 e5 2. Nc3 Nc6 3. g3 g6 4. Bg2 Bg7 5. e3 Nge7 6. Nge2 O-O 7. O-O d6 8. d3
Be6 9. Nd5 Qd7 10. Bd2 Rae8 11. Rb1 Nd8 12. b4 Nc8 13. b5 c6 14. bxc6 bxc6 15.
Ndc3 Bh3 16. Qa4 Bxg2 17. Kxg2 Ne6 18. Rb4 f5 19. f3 e4 20. fxe4 fxe4 21. Rxf8+
Rxf8 22. Nxe4 Nc5 23. Qc2 Nxe4 24. dxe4 Qf7 25. Qd1 Nb6 26. Nf4 g5 27. Nh5 Be5
28. Bc1 c5 29. Rb3 Qxc4 30. Bb2 Qxe4+ 31. Kh3 c4 32. Rb5 c3 33. Bxc3 Nc4 34.
Bd4 a6 35. Rb1 Qf5+ 36. Qg4 Qxb1 37. Qe6+ Kh8 0-1

[Event "Elit(Kamraterna-Rockaden,Sthlm)"]
[Site "?"]
[Date "2009.10.17"]
[Round "2"]
[White "Andreasson, Ingvar"]
[Black "Bator, Robert"]
[Result "1/2-1/2"]
[WhiteElo "2410"]
[BlackElo "2484"]
[PlyCount "30"]

1. d4 d5 2. c4 c6 3. e3 Bf5 4. Nc3 e6 5. Nf3 Nd7 6. Be2 h6 7. O-O Bd6 8. Bd2
Ngf6 9. Qb3 Rb8 10. Rfc1 O-O 11. Qd1 Ne4 12. Be1 Nxc3 13. Bxc3 Qe7 14. a3 Nf6
15. b4 Ne4 1/2-1/2

[Event "Elit(Kamraterna-Rockaden,Sthlm)"]
[Site "?"]
[Date "2009.10.17"]
[Round "2"]
[White "Berowski, Krum"]
[Black "Madebrink, Lars"]
[Result "1-0"]
[WhiteElo "2312"]
[BlackElo "2268"]
[PlyCount "95"]

1. d4 d5 2. c4 e6 3. Nc3 Be7 4. cxd5 exd5 5. Bf4 Nf6 6. e3 O-O 7. Bd3 c6 8. h3
Bd6 9. Nge2 Re8 10. Bxd6 Qxd6 11. Qc2 Nbd7 12. O-O Nf8 13. Ng3 Ng6 14. Rfe1 Be6
15. Rad1 Rad8 16. Nf5 Bxf5 17. Bxf5 Re7 18. f3 Nh4 19. Bd3 Rde8 20. Qf2 Ng6 21.
Bc2 Qb4 22. Bb1 Qa5 23. e4 dxe4 24. fxe4 Rd8 25. Rf1 Qg5 26. Rd3 Qh4 27. Qxh4
Nxh4 28. e5 Nd5 29. Nxd5 Rxd5 30. a3 Rdd7 31. Ba2 Ng6 32. Rdf3 Nf8 33. b4 Ne6
34. Rxf7 Rxf7 35. Bxe6 Rde7 36. Bxf7+ Rxf7 37. Rxf7 Kxf7 38. Kf2 Ke6 39. Kf3
Kf5 40. a4 a6 41. a5 g6 42. g4+ Ke6 43. g5 Ke7 44. Ke4 Ke6 45. d5+ cxd5+ 46.
Kd4 Kf5 47. Kxd5 Kxg5 48. e6 1-0

[Event "Elit(Kamraterna-Rockaden,Sthlm)"]
[Site "?"]
[Date "2009.10.17"]
[Round "2"]
[White "Svenn, Gosta"]
[Black "Hedman, Erik"]
[Result "0-1"]
[WhiteElo "2376"]
[BlackElo "2419"]
[PlyCount "75"]

1. d4 Nf6 2. c4 c5 3. d5 e6 4. Nc3 exd5 5. cxd5 d6 6. e4 g6 7. Nf3 Bg7 8. Bg5
O-O 9. Nd2 Re8 10. Be2 b6 11. O-O Ba6 12. Kh1 Qd7 13. f4 h6 14. Bh4 Nh7 15. a4
f5 16. Ra3 Nf6 17. exf5 Bxe2 18. Nxe2 Qxf5 19. Nc4 Qxd5 20. Qc2 Qe4 21. Qc1 Qc6
22. Ng3 Nbd7 23. Qc2 Kh7 24. Raf3 a6 25. Qd3 d5 26. Ne5 Nxe5 27. fxe5 Ng4 28.
Rf7 Nxe5 29. Nh5 Rg8 30. Nxg7 Raf8 31. Rxf8 Nxd3 32. Ne8 Qxe8 33. Rxe8 Rxe8 34.
Rf7+ Kg8 35. Rb7 Re6 36. b3 Ne1 37. Ra7 g5 38. g4 0-1

[Event "Elit(Kamraterna-Rockaden,Sthlm)"]
[Site "?"]
[Date "2009.10.17"]
[Round "2"]
[White "Lissang, Christopher"]
[Black "Nyberg, Ulf"]
[Result "1-0"]
[WhiteElo "2310"]
[BlackElo "2141"]
[PlyCount "81"]

1. e4 c5 2. Nf3 a6 3. c3 e6 4. d4 d5 5. exd5 exd5 6. Be3 c4 7. Nbd2 Bd6 8. Be2
Nc6 9. O-O Nge7 10. Re1 O-O 11. Bf1 h6 12. g3 Bf5 13. Nh4 Bh7 14. Ng2 b5 15.
Bf4 Rb8 16. a3 Qd7 17. b4 a5 18. Bxd6 Qxd6 19. Nf4 Ra8 20. Bg2 Rfd8 21. Nf1 g5
22. Nh3 Rd7 23. f4 f6 24. Ne3 Kg7 25. Rc1 axb4 26. axb4 Ra2 27. Qg4 Bg6 28.
fxg5 hxg5 29. Rf1 Rda7 30. Nxg5 fxg5 31. Qxg5 Rxg2+ 32. Kxg2 Qe6 33. Ng4 Nf5
34. Rce1 Qf7 35. Re2 Re7 36. Ref2 Ncxd4 37. cxd4 Qe6 38. Rxf5 Qe4+ 39. R5f3 Rf7
40. Qe5+ Qxe5 41. Nxe5 1-0

[Event "Elit(Kamraterna-Rockaden,Sthlm)"]
[Site "?"]
[Date "2009.10.17"]
[Round "2"]
[White "Akbarinia, Arash"]
[Black "Bryntze, Stefan"]
[Result "1-0"]
[WhiteElo "2342"]
[BlackElo "2253"]
[PlyCount "101"]

1. Nf3 f5 2. d4 e6 3. g3 b6 4. Bg2 Bb7 5. O-O Nf6 6. c4 Bd6 7. a3 O-O 8. b4 Qe8
9. Bb2 Nc6 10. Nbd2 Qh5 11. Ne5 Nxd4 12. Bxd4 Bxg2 13. Kxg2 Bxe5 14. Bxe5 Ng4
15. Nf3 d6 16. Bb2 f4 17. h3 Nh6 18. g4 Qe8 19. e4 Qg6 20. Re1 Rad8 21. Qb3 d5
22. cxd5 exd5 23. Ne5 f3+ 24. Kf1 Qf6 25. Re3 Qf4 26. Rxf3 Qh2 27. g5 Nf7 28.
Nxf7 Rxf7 29. Rxf7 Qh1+ 30. Ke2 Qxe4+ 31. Kd2 Kxf7 32. Re1 Qf5 33. Qe3 Kg6 34.
h4 Rf8 35. Qe6+ Kh5 36. Qxf5 Rxf5 37. Ke3 Kxh4 38. f4 Kh5 39. Bxg7 Kg6 40. Be5
h6 41. gxh6 Kxh6 42. Bxc7 Rh5 43. Kd4 Kg6 44. Be5 Kf7 45. Kxd5 Rh3 46. Rg1 Rxa3
47. Rg7+ Kf8 48. Ke6 b5 49. Rb7 Ra6+ 50. Bd6+ Kg8 51. f5 1-0

[Event "Elit(Manhem-Team Viking)"]
[Site "?"]
[Date "2009.10.17"]
[Round "2"]
[White "Agrest, Evgenij"]
[Black "Nithander, Victor"]
[Result "1-0"]
[WhiteElo "2699"]
[BlackElo "2507"]
[PlyCount "95"]

1. Nf3 Nf6 2. c4 g6 3. g3 Bg7 4. Bg2 O-O 5. O-O d6 6. Nc3 e5 7. d3 Re8 8. h3 c6
9. e4 h6 10. Re1 Na6 11. Rb1 Nc5 12. Be3 Ne6 13. Qd2 Kh7 14. d4 exd4 15. Nxd4
Ng5 16. Bxg5 hxg5 17. Rbd1 g4 18. hxg4 Bxg4 19. Nf3 Qb6 20. Na4 Qa6 21. b3 Bxf3
22. Bxf3 Bf8 23. Qf4 Kg7 24. Kg2 Re5 25. g4 Rae8 26. Rh1 Ng8 27. Rh3 g5 28. Qh2
Kf6 29. Rh7 Qa5 30. Qh5 Qc7 31. Nc3 Ke6 32. Ne2 c5 33. Qh2 Nf6 34. Rh8 Bg7 35.
Rxe8+ Nxe8 36. Qh7 Ke7 37. Ng3 Bf6 38. Nf5+ Kd8 39. Qg8 Re6 40. e5 Bxe5 41.
Qxg5+ Kc8 42. Bd5 Rf6 43. f4 Bc3 44. Rd3 Bb2 45. Re3 Kd8 46. Nh6 Qd7 47. Ng8
Kc7 48. Re7 1-0

[Event "Elit(Manhem-Team Viking)"]
[Site "?"]
[Date "2009.10.17"]
[Round "2"]
[White "Vas, Peter"]
[Black "Carlsson, Pontus"]
[Result "1/2-1/2"]
[WhiteElo "2387"]
[BlackElo "2601"]
[PlyCount "98"]

1. e4 c5 2. Nf3 d6 3. d4 cxd4 4. Nxd4 Nf6 5. Nc3 a6 6. Be2 g6 7. O-O Bg7 8. Be3
O-O 9. f4 Nbd7 10. Nb3 b5 11. Bf3 Bb7 12. Rb1 Rc8 13. Qd2 Qc7 14. Rfc1 Nb6 15.
Na5 Ba8 16. a3 e6 17. Rd1 Rfd8 18. Qf2 Rb8 19. Bd4 Nbd7 20. Nb3 Re8 21. Be3 Nb6
22. Na5 Na4 23. Nxa4 bxa4 24. e5 Ne4 25. Bxe4 Bxe4 26. Rd4 Bd5 27. Rxa4 dxe5
28. Nb3 exf4 29. Bxf4 e5 30. Be3 Qc6 31. Nc5 Ba2 32. Rf1 Rxb2 33. Rxa6 Qc7 34.
Ra4 Bd5 35. Rb4 Ra2 36. Rd1 Bc6 37. Rb3 e4 38. Na6 Qc8 39. Nb4 Rb2 40. Bd4 Rxb3
41. cxb3 Bxd4 42. Qxd4 e3 43. Re1 Bb7 44. Nd5 Bxd5 45. Qxd5 Qc3 46. Rf1 Qc7 47.
Qb5 Re5 48. Qe2 Qc3 49. Qc4 Qxc4 1/2-1/2

[Event "Elit(Manhem-Team Viking)"]
[Site "?"]
[Date "2009.10.17"]
[Round "2"]
[White "Ivanov, Sergej"]
[Black "Welin, Mats"]
[Result "1-0"]
[WhiteElo "2594"]
[BlackElo "2360"]
[PlyCount "80"]

1. d4 Nf6 2. c4 e6 3. Nf3 d5 4. Nc3 Be7 5. Bg5 h6 6. Bh4 O-O 7. e3 b6 8. Bd3
Bb7 9. O-O Nbd7 10. Qe2 Ne4 11. Bg3 c5 12. cxd5 exd5 13. Rac1 Ndf6 14. Ne5 a6
15. a4 Qe8 16. Bc2 Bd6 17. f4 Rc8 18. Rfd1 Qe6 19. Bd3 Ra8 20. Bh4 Rfc8 21.
Bxf6 Nxf6 22. Qf3 Rc7 23. h3 Rac8 24. Bb1 cxd4 25. exd4 Ne4 26. Ba2 Bb4 27. f5
Qd6 28. Nxf7 Qg3 29. Nxh6+ Kh7 30. Ng4 Qxf3 31. gxf3 Nxc3 32. bxc3 Bxc3 33. Kg2
Bb4 34. Rxc7 Rxc7 35. Ne3 Rc3 36. Kf2 Be7 37. Ke2 Ra3 38. Bb1 Bg5 39. f6+ g6
40. Ng4 Bc8 1-0

[Event "Elit(Manhem-Team Viking)"]
[Site "?"]
[Date "2009.10.17"]
[Round "2"]
[White "Akesson, Joel"]
[Black "Cramling, Pia"]
[Result "0-1"]
[WhiteElo "2386"]
[BlackElo "2576"]
[PlyCount "76"]
[EventDate "2009.??.??"]

1. d4 Nf6 2. Nf3 e6 3. c4 b6 4. e3 Bb7 5. Bd3 d5 6. cxd5 exd5 7. O-O Bd6 8. b3
Qe7 9. Nc3 a6 10. Bb2 Nbd7 11. Ne2 O-O 12. Ng3 g6 13. Rc1 Ne4 14. Qc2 Rac8 15.
Qe2 b5 16. a4 c6 17. Rc2 Rfe8 18. Ra1 Nf8 19. Rac1 f6 20. Nf1 Ne6 21. Ne1 Bb8
22. axb5 cxb5 23. Rxc8 Rxc8 24. Rxc8+ Bxc8 25. Qc2 Bb7 26. f3 N4g5 27. h4 Nf7
28. h5 f5 29. hxg6 hxg6 30. Qd2 Bd6 31. Nc2 b4 32. Qe2 Ng7 33. g4 fxg4 34. f4
Nh6 35. Bxg6 Bxf4 36. Nxb4 Bd6 37. Nc2 Ne6 38. Nh2 Nf4 0-1

[Event "Elit(Manhem-Team Viking)"]
[Site "?"]
[Date "2009.10.17"]
[Round "2"]
[White "Ernst, Thomas"]
[Black "Carlhammar, Magnus"]
[Result "1/2-1/2"]
[WhiteElo "2499"]
[BlackElo "2331"]
[PlyCount "83"]
[SourceDate "2009.10.21"]

1. e4 d6 2. d4 Nf6 3. f3 e5 4. d5 Be7 5. Be3 O-O 6. Qd2 c6 7. c4 Nbd7 8. Nc3 a6
9. Nge2 cxd5 10. cxd5 b5 11. Nc1 Nb6 12. b3 Nfd7 13. Nd3 Bb7 14. Be2 h6 15. g4
Bg5 16. Bxg5 Qxg5 17. Qxg5 hxg5 18. h4 gxh4 19. Rxh4 g6 20. Kd2 Kg7 21. Rah1
Rh8 22. Rxh8 Rxh8 23. Rxh8 Kxh8 24. Nb4 Nc5 25. Nc6 Kg7 26. b4 Nca4 27. Nxb5
axb5 28. Bxb5 f5 29. gxf5 gxf5 30. Na5 Bc8 31. Bxa4 Nxa4 32. Nc4 fxe4 33. fxe4
Bd7 34. Nxd6 Nb6 35. Nb7 Kf6 36. Nc5 Bb5 37. Kc3 Kg5 38. Nd3 Nd7 39. Kd2 Kf6
40. Kc3 Kg5 41. Kd2 Kf6 42. Kc3 1/2-1/2

[Event "Elit(Manhem-Team Viking)"]
[Site "?"]
[Date "2009.10.17"]
[Round "2"]
[White "Moberg, Karl Johan"]
[Black "Sagit, Rauan"]
[Result "1/2-1/2"]
[WhiteElo "2309"]
[BlackElo "2444"]
[PlyCount "83"]

1. d4 Nf6 2. c4 e6 3. Nf3 b6 4. e3 Bb7 5. Bd3 Bb4+ 6. Nbd2 O-O 7. O-O Bxd2 8.
Nxd2 d6 9. b3 Nbd7 10. Bb2 a5 11. e4 e5 12. d5 g6 13. g3 Nh5 14. f4 Ng7 15. Nf3
Qe7 16. Qd2 f6 17. Rae1 Ba6 18. a3 Rfb8 19. fxe5 dxe5 20. b4 Ne8 21. Rf2 Nd6
22. Qc3 Nf7 23. Rc2 Rc8 24. Qd2 Bb7 25. Rec1 c5 26. b5 Re8 27. Qc3 Nf8 28. Re1
Bc8 29. Rf2 Rd8 30. Ref1 Bh3 31. Re1 Rd6 32. Bf1 Bd7 33. Nh4 Ng5 34. Bc1 h6 35.
Nf3 Nf7 36. Nh4 Kg7 37. Bg2 Nh7 38. Nf3 Re8 39. Nh4 Qd8 40. Qd3 Qc8 41. Kh1
Nhg5 42. Rff1 1/2-1/2

[Event "Elit(Manhem-Team Viking)"]
[Site "?"]
[Date "2009.10.17"]
[Round "2"]
[White "Volodin, Aleksandr"]
[Black "Fendrich, David"]
[Result "1-0"]
[WhiteElo "2429"]
[BlackElo "2284"]
[PlyCount "53"]

1. d4 Nf6 2. c4 c5 3. d5 b5 4. Bg5 Ne4 5. Nd2 Nxg5 6. h4 e6 7. hxg5 exd5 8.
cxd5 Qxg5 9. e4 d6 10. Ngf3 Qd8 11. Bxb5+ Bd7 12. Bd3 g6 13. Qb3 a5 14. Qc3 f6
15. e5 Bg7 16. e6 Qe7 17. O-O-O Bc8 18. Rxh7 Rxh7 19. Bxg6+ Kd8 20. Bxh7 f5 21.
Qb3 Na6 22. Qb6+ Nc7 23. Bxf5 a4 24. Bd3 a3 25. Ne4 Bxb2+ 26. Kc2 Ba6 27. Bxa6
1-0